Štíhlejšia podpora pri bývaní

V budúcoročnom rozpočte sa štát chystá podporu bývania radikálnejšie okresať. Oproti tomuto roku by malo ísť o škrt na úrovni zhruba 17,5 percenta. Na odskúšané podpory v podobe štátnej prémie v stavebnom sporení a bonifikácie k hypotekárnym úverom sa však siahať nebude. Ako sa vyvíja podpora bývani...

Descrizione completa

Salvato in:
Dettagli Bibliografici
Autore principale: Hambálková, Jana
Natura: Capitolo di libro
Lingua:slovacco
Soggetti:
Tags: Aggiungi Tag
Nessun Tag, puoi essere il primo ad aggiungerne!!

MARC

LEADER 00000naa a2200000 4500
001 0160519
005 20231113080213.5
041 0 |a slo 
044 |a SK 
245 1 0 |a Štíhlejšia podpora pri bývaní  |c Jana Hambálková 
520 |a V budúcoročnom rozpočte sa štát chystá podporu bývania radikálnejšie okresať. Oproti tomuto roku by malo ísť o škrt na úrovni zhruba 17,5 percenta. Na odskúšané podpory v podobe štátnej prémie v stavebnom sporení a bonifikácie k hypotekárnym úverom sa však siahať nebude. Ako sa vyvíja podpora bývanie. Podpora nájomných bytov klesá. 
610 2 0 |a bývanie 
610 2 0 |a podpora štátna 
610 2 0 |a Slovensko 
100 1 |a Hambálková, Jana